Z Čech do Pompejí

Bibliographic Details
Main Author: Sklenář, Karel, 1938- (Author)
Format: Book
Language:Undetermined
PhysicalDescription:477 s.
Published: Praha Československý spisovatel 1989
ISBN:8020200274

MARC

LEADER 00000nam a2200000 a 4500
001 vtls001338775
003 SK-MaSNL
005 20260301160410.0
008 240315s1989 xx 0 und
020 |a 8020200274 
035 |a SNK000291817 
040 |a SNK  |b slo  |c SNK  |e AACR2 
100 1 |a Sklenář, Karel,  |d 1938-  |4 aut  |9 98600 
245 1 |a Z Čech do Pompejí 
260 |a Praha  |b Československý spisovatel  |c 1989 
300 |a 477 s. 
919 |a 80-202-0027-4 
958 |a OND 
999 |c 805321  |d 807251 
952 |t P60, <04>, [BOOK], {604}  |a SNK  |b SNK  |y VYP  |7 0  |p 17A0154264  |o snkSD 61505 D1  |0 0  |1 0  |4 0  |d 1998-08-06  |l 0  |r 2005-01-02 00:00:00  |w 2026-02-24